=LDR 00000nam 2200000 4500 =001 000791 =005 20250711111919 =035 ##$$a 0010-0725000660 =007 ta =008 250711################a##########0#ind## =020 ##$$a 978-623-472-253-6 =082 ##$$a 398.209 598 =084 ##$$a 398.209 598 ATH s =100 #$$a Athieno Gertrude =245 1#$$a Siapa penguasa berikutnya? /$c Athieno Gertrude, Owino ogot =250 ##$$a Cetakan pertama =260 ##$$a Jakarta :$b Badan pengembangan dan pembinaan bahasa,$c 2022 =300 ##$$a 28 hlm. : $b Ilus. ; $c 22,9 cm =650 #4$$a Cerita anak indonesia-terjemahan =650 #4$$a Literasi-bahan bacaan =700 #$$a Owino Ogot